Estatísticas para Países mais Meridionais por Continente

Clique aqui para jogar o quiz

Estatísticas Gerais

  • Esse quiz foi jogado 55 vezes
  • A pontuação média é 24 de 30

Estatísticas das Respostas

ContinenteLatitudePaís% Correto
América do Sul55°04' SArgentina
96%
América do Sul33°45' SBrasil
96%
América do Sul56°30' SChile
94%
Oceânia54°47' SAustrália
92%
Oceânia52°37' SNova Zelândia
92%
América do Sul35°02' SUruguai
92%
Europa35°30' NItália
90%
América do Norte7°11' NPanamá
90%
África46°59' SÁfrica do Sul
88%
América do Norte5°31' NCosta Rica
88%
Ásia11°00' SIndonésia
88%
Ásia0°51' NMalásia
88%
Europa34°49' NGrécia
85%
América do Sul27°36' SParaguai
85%
Europa36°00' NEspanha
83%
África26°54' SEssuatíni
83%
África30°40' SLesoto
81%
Europa36°57' NPortugal
79%
África28°58' SNamíbia
77%
Oceânia20°15' SVanuatu
77%
África26°52' SBotswana
75%
Oceânia21°02' SFiji
75%
Europa35°47' NMalta
75%
Ásia9°30' STimor-Leste
75%
América do Norte10°43' NNicarágua
73%
Ásia0°42' SMaldivas
69%
América do Norte10°02' NTrinidad e Tobago
69%
Ásia1°09' NSingapura
67%
Oceânia22°21' STonga
65%
América do Norte11°59' NGranada
58%

Distribuição das Pontuações

Percentil de Números Respondidos

Porcentagem de Pessoas com Cada Pontuação

Sua Pontuação Histórica

Você não jogou esse quiz